000 00812nam a22002057a 4500
999 _c18045
_d18045
003 AR-CdUCM
008 190319b ||||| |||| 00| 0 spa d
040 _aMUNICIPALIDAD PROVINCIAL DEL CUSCO
_cBIBLIOTECA MUNICIPAL DEL CUSCO
082 _a620.8 /
_bP26
100 _aParker, Harry
_919751
245 _aIngeniería simplificada :
_bPara arquitectos y constructores /
260 _a1972 :
_bLimusa S.A. ,
_cMéxico.
300 _a363 páginas ;
_c21 cm.
505 _aContenido : Fuerzas y esfuerzos -- Momentos y reacciones -- Cortante y momento flexionante -- Vigas de acero -- Cimentaciones de emparrillado ...
650 _aLevantamientos Topograficos
_919752
650 _aIngernieria de Campo
_919753
650 _aCiencias de la Construccion
_919754
942 _2ddc
_cLIBROS
945 _arum
_d2019-05-11